| 000 | 00346nam a22001457a 4500 | ||
|---|---|---|---|
| 020 | _a9788170356707 | ||
| 082 |
_a664.07 _bKHE/FO |
||
| 100 |
_aKhetarpaul, Neelam _9324 |
||
| 245 | _aFood Analysis | ||
| 260 |
_aDelhi _bDaya publishing House _c2011 |
||
| 300 | _a315 | ||
| 700 |
_aJood, Sudesh _9325 |
||
| 700 |
_aPunia, Darshan _9326 |
||
| 942 | _cBK | ||
| 999 |
_c14007 _d14007 |
||